| 000 | 00811nam a22001935i 4500 | ||
|---|---|---|---|
| 001 | 162081 | ||
| 003 | ES-MaACL | ||
| 005 | 20230906212425.0 | ||
| 008 | 031211s1860 sp |||| | spa d | ||
| 040 |
_aCAM _bspa _cCAM |
||
| 100 | 1 |
_aPicón, José. _991876 |
|
| 245 | 1 | 0 |
_aMemorias de un estudiante _b: zarzuela anecdótica en tres actos y en verso / _coriginal de José Picón ; música del maestro Cristóbal Oudrid. |
| 260 |
_aMadrid : _b[s.n.], _c1860 ( _fImprenta de Cristóbal González) |
||
| 300 |
_a115 p. ; _c20 cm. |
||
| 500 | _aEn port.: Estrenada la noche del 5 de mayo de 1869, en el teatro de la Zarzuela. | ||
| 500 | _aSolo la letra. | ||
| 700 | 0 |
_aOudrid, Cristóbal. _987969 |
|
| 852 |
_aES-MaACL _jD-677(3) _z-- Enc. hol. _z-- Legado de Modesto de la Fuente _q-- Falto de la cub. original |
||
| 999 |
_c162081 _d162081 |
||